| 000 | 01568nam a2200373 c 4500 | ||
|---|---|---|---|
| 003 | BLK | ||
| 005 | 20180420215030.0 | ||
| 008 | 180413b bul|||||r ||||||| ||bul|| | ||
| 010 | _aKNG00016973000 | ||
| 020 |
_a954-494-238-6 _bиздат.: Унив. изд. Стопанство |
||
| 040 | _aBLK | ||
| 041 |
_aBUL _cBUL |
||
| 080 |
_aОвощарство в цялост _b634.1 _x:632(035) _z634.1:632(035) |
||
| 100 | 1 |
_aГеоргиев, Илия Александров _eпърви автор _9260009 |
|
| 139 |
_aГеоргиев, Илия Александров _bГ 37 |
||
| 245 | 1 | 0 |
_aЗащита на трайните култури от болести и неприятели _cИлия Александров Георгиев. |
| 257 | _aBGR | ||
| 260 |
_аСофия _bУнив. изд. Стопанство _c1997 |
||
| 300 |
_a113 с. _bс табл. _c20 см |
||
| 380 | _a63 | ||
| 500 | _aИзд. на УНСС - София. - 750 тир. | ||
| 650 | 4 |
_aСелскостопански култури - болести и вредители _9256800 |
|
| 650 | 4 |
_aРастителна защита - наръчници и ръководства _9260010 |
|
| 650 | 4 |
_aПестициди - видове и приложение - наръчници и ръководства _9260011 |
|
| 653 | _aболести | ||
| 653 | _aвредители | ||
| 653 | _aовощни култури | ||
| 653 | _aзащита | ||
| 852 | _aЦб 192401 | ||
| 856 | 4 |
_qpdf _u |
|
| 856 | 4 |
_qpdf _u |
|
| 942 |
_cKNG _n0 |
||
| 944 |
_aCR _c15.01.2003 _kКети_Илиева |
||
| 944 |
_aED _c12.01.2006 _k |
||
| 999 |
_c15206 _d15206 |
||